| 000 | 00646nam a2200241 i 4500 | ||
|---|---|---|---|
| 001 | 65679 | ||
| 003 | ES-MaACL | ||
| 005 | 20230906165437.0 | ||
| 007 | t| | ||
| 008 | 040120s1983 xxk |||| | eng d | ||
| 020 | _a0-7448-0005-6 | ||
| 080 | _a22.06 | ||
| 100 | 1 |
_aFrye, Northrop. _952794 |
|
| 245 | 1 | 4 |
_aThe great code _b: the bible and literature / _cNorthrop Frye. |
| 260 |
_aLondon : _bArk, _c1983. |
||
| 300 |
_aXXI, 261 p. ; _c20 cm. |
||
| 490 | 1 | _aArk paperbacks | |
| 500 | _aÍndices. | ||
| 650 | 4 |
_aBiblia y literatura. _9160154 |
|
| 830 | 0 |
_aArk paperbacks _9230756 |
|
| 852 |
_aES-MaACL _jL-11525 |
||
| 999 |
_c65679 _d65679 |
||